Sản phẩm địa kỹ thuật polime và compozit trong xây dựng dân dụng, giao thông, thủy lợi

Cuốn sách này nhằm chuyển tải những kiến thức, những kinh nghiệm thiết kế các công trình có sử dụng sản phẩm polime địa kỹ thuật và sản phẩm compozit địa kỹ thuật, đặc biệt các công trình đất có cốt và các giải pháp xử lý nền đất me...

全面介绍

Đã lưu trong:
书目详细资料
主要作者: Phan, Trường Phiệt
格式: 图书
语言:Undetermined
出版: Hà Nội Xây dựng 2007
主题:
标签: 添加标签
没有标签, 成为第一个标记此记录!
Thư viện lưu trữ: Trung tâm Học liệu Trường Đại học Cần Thơ
LEADER 01213nam a2200205Ia 4500
001 CTU_168905
008 210402s9999 xx 000 0 und d
020 |c 76000 
082 |a 691.92 
082 |b Ph308 
100 |a Phan, Trường Phiệt 
245 0 |a Sản phẩm địa kỹ thuật polime và compozit trong xây dựng dân dụng, giao thông, thủy lợi 
245 0 |c Phan Trường Phiệt 
260 |a Hà Nội 
260 |b Xây dựng 
260 |c 2007 
520 |a Cuốn sách này nhằm chuyển tải những kiến thức, những kinh nghiệm thiết kế các công trình có sử dụng sản phẩm polime địa kỹ thuật và sản phẩm compozit địa kỹ thuật, đặc biệt các công trình đất có cốt và các giải pháp xử lý nền đất mềm yếu bằng vải kỹ thuật và bấc thoát nước compozit 
650 |a Building materials,Vật liệu xây dựng,Polymers,Plastics in building,Polime,Nhựa trong xây dựng 
904 |i Ngọc Anh, Trọng Hiếu 
980 |a Trung tâm Học liệu Trường Đại học Cần Thơ